| 000 | 00752cam a2200241 a 4500 | ||
|---|---|---|---|
| 001 | 1996059 | ||
| 005 | 20180208034504.0 | ||
| 008 | 900321m19901991maua b 001 0 eng | ||
| 010 | _a 90005889 | ||
| 020 | _a0669243663 (v. 1 : alk. paper) | ||
| 020 | _a066924368X (v. 2 : casebound : alk. paper) | ||
| 040 |
_aDLC _cDLC _dDLC |
||
| 041 | _aeng | ||
| 080 | _a327.019 | ||
| 082 | 0 | 0 |
_a327.019 VOL _220 |
| 100 | _a19 | ||
| 101 | _aSHP | ||
| 245 | 0 | 4 |
_aThe Psychodynamics of international relationships / _cedited by Vamik D. Volkan, Demetrios A. Julius, Joseph V. Montville. |
| 504 | _aIncludes bibliographical references and indexes. | ||
| 906 |
_a7 _bcbc _corignew _d1 _eocip _f19 _gy-gencatlg |
||
| 942 |
_2ddc _cBK |
||
| 999 |
_c42081 _d42081 |
||